000 00484nam a2200193Ia 4500
008 220531s9999 xx 000 0 und d
041 _aeng
082 _a-
_bBAJ
100 _aBajaj, N. K.
_969531
245 _aPhysics Of Waves And Oscillations
250 _a1ST
260 _aNew Delhi
_bMcGraw-Hill
_c2014
300 _a432
542 _d03-02-2015
551 _aScience
_bNon-grant-SCI
650 _aPhysics
_969532
906 _d2014-2015
_f4460
999 _c38997
_d38997